Contemporary Management. (Record no. 1741)

MARC details
005 - DATE AND TIME OF LATEST TRANSACTION
control field 20250429083358.0
020 ## - INTERNATIONAL STANDARD BOOK NUMBER
International Standard Book Number 0-07-228147-2
082 ## - DEWEY DECIMAL CLASSIFICATION NUMBER
Classification number 658 JON
100 ## - MAIN ENTRY--PERSONAL NAME
Author name JONES, G. R.
245 ## - TITLE STATEMENT
Title Contemporary Management.
250 ## - EDITION STATEMENT
Edition statement 2nd Ed
260 ## - PUBLICATION, DISTRIBUTION, ETC.
Place of publication, distribution, etc. New York,
Name of publisher, distributor, etc. McGraw- Hill,
Date of publication, distribution, etc. 2000.
300 ## - PHYSICAL DESCRIPTION
Extent xxii, 776p.: ill.; figure, picture, table.
Other physical details Glossary, Index.
Dimensions 25cm.
Accompanying material CD
700 ## - ADDED ENTRY--PERSONAL NAME
Other authors/Editors GEOGRE, J. M. & HILL, C. W. L.
856 ## - ELECTRONIC LOCATION AND ACCESS
Link text Access Online Book
Electronic name Management
Path http://www.mhhe.com
942 ## - ADDED ENTRY ELEMENTS (KOHA)
Source of classification or shelving scheme Dewey Decimal Classification
Koha item type Books
Holdings
Date last seen Total checkouts Full call number Barcode Cost, replacement price Price effective from Koha item type Lost status Source of classification or shelving scheme Damaged status Not for loan Withdrawn status Home library Current library Shelving location Date acquired Cost, normal purchase price
06/28/2025   658JON DOM0001284 150000.00 06/28/2025 Books   Dewey Decimal Classification       CBE Dodoma CBE Dodoma General Collection 06/28/2009 50000.00
04/28/2025   658 JON 0000006653 150000.00 04/28/2025 Books   Dewey Decimal Classification       College of Business Education Main Library College of Business Education Main Library General Collection 11/28/2014 50000.00
04/29/2025   658 JON 0000006656 150000.00 04/29/2025 Books   Dewey Decimal Classification       College of Business Education Main Library College of Business Education Main Library General Collection 11/28/2014 50000.00